Trenerzy Realu w XXI wieku - Statystyki

Ogólne statystyki
  • Ten quiz został rozwiązany 108 razy
  • Średni wynik to 10 z 19
Statystyki odpowiedzi
Data Rozpoczecia Data zakończenia Średnia punktów na mecz Odpowiedź % Poprawnych
1 cze 2025 12 sty 2026 2,24 Xabi Alonso
100%
1 lip 2021 25 maj 2025 2,25 Carlo Ancelotti
99%
1 lip 2013 30 cze 2015 2,36 Carlo Ancelotti
99%
11 mar 2019 30 cze 2021 2,04 Zinédine Zidane
99%
4 sty 2016 30 cze 2018 2,30 Zinédine Zidane
99%
1 lip 2010 30 cze 2013 2,30 José Mourinho
87%
1 lip 2015 4 sty 2016 2,24 Rafael Benítez
70%
17 lis 1999 30 cze 2003 1,87 Vicente del Bosque
57%
1 lip 2018 29 paź 2018 1,43 Julen Lopetegui
55%
29 paź 2018 11 mar 2019 2,00 Santiago Solari
51%
1 lip 2009 30 cze 2010 2,35 Manuel Pellegrini
45%
6 lip 2006 30 cze 2007 1,92 Fabio Capello
41%
9 lip 2007 9 gru 2008 1,88 Bernd Schuster
28%
1 sty 2005 4 gru 2005 2,02 Vanderlei Luxemburgo
20%
10 gru 2008 30 cze 2009 2,04 Juande Ramos
18%
1 lip 2003 30 cze 2004 1,92 Carlos Queiroz
17%
1 lip 2004 19 wrz 2004 2,00 José Antonio Camacho
13%
20 wrz 2004 30 gru 2004 2,00 Mariano García Remón
10%
4 gru 2005 30 cze 2006 1,85 Juan Ramón López Caro
9%
Nie znaleziono quizów pasujących do podanych kryteriów
Rozkład punktacji
Procent ludzi z każdym wynikiem
Percentyl według liczby udzielonych odpowiedzi
Twoja historia wyników
Nie rozwiązałeś tego quizu